Dějiny světa globální dějiny od počátků do 21. století

Gespeichert in:
Bibliographische Detailangaben
Weitere Verfasser: Lehmann, Gustav Adolf, Schmidt-Glinzer, Helwig
Format: Buch
Sprache:Tschechisch
Veröffentlicht: Praha Vyšehrad 2012
Schlagworte:
Tags: Tag hinzufügen
Keine Tags, Fügen Sie das erste Tag hinzu!

MARC

LEADER 00000nam a2200000 4500
001 0224496
005 20230109114448.5
020 |a 978-80-7429-292-7 
041 0 |a cze 
044 |a CZ 
245 1 0 |a Dějiny světa  |b globální dějiny od počátků do 21. století  |c editoři: Gustav Adolf Lehmann a Helwig Schmidt-Glinzer 
264 1 |a Praha  |b Vyšehrad  |c 2012 
300 |a 478 s. 
610 2 0 |a dejiny 
610 2 0 |a svet 
610 2 0 |a spoločnosť 
610 2 0 |a kultúra 
610 2 0 |a náboženstvo 
700 1 |a Lehmann, Gustav Adolf 
700 1 |a Schmidt-Glinzer, Helwig